<?xml version="1.0" encoding="UTF-8"?>
<record
    xmlns:xsi="http://www.w3.org/2001/XMLSchema-instance"
    xsi:schemaLocation="http://www.loc.gov/MARC21/slim http://www.loc.gov/standards/marcxml/schema/MARC21slim.xsd"
    xmlns="http://www.loc.gov/MARC21/slim">

  <leader>00714nam a22002177a 4500</leader>
  <controlfield tag="003">OSt</controlfield>
  <controlfield tag="005">20260610155137.0</controlfield>
  <controlfield tag="008">260610b        |||||||| |||| 00| 0 eng d</controlfield>
  <datafield tag="020" ind1=" " ind2=" ">
    <subfield code="a">9780545133616</subfield>
  </datafield>
  <datafield tag="040" ind1=" " ind2=" ">
    <subfield code="c">Chuka University Library</subfield>
  </datafield>
  <datafield tag="050" ind1=" " ind2=" ">
    <subfield code="a">LB 1050.377 .R53 2009</subfield>
  </datafield>
  <datafield tag="100" ind1=" " ind2=" ">
    <subfield code="a">Richardson Jan</subfield>
    <subfield code="9">28466</subfield>
  </datafield>
  <datafield tag="245" ind1=" " ind2=" ">
    <subfield code="a">The Next Step in Guided Reading: Focused Assessments and Targeted Lessons For Helping Every Student Become Better Reader</subfield>
  </datafield>
  <datafield tag="260" ind1=" " ind2=" ">
    <subfield code="a">New York</subfield>
    <subfield code="b">Scholastic</subfield>
    <subfield code="c">2009</subfield>
  </datafield>
  <datafield tag="300" ind1=" " ind2=" ">
    <subfield code="a">Variuos Pagings</subfield>
    <subfield code="b">Appendixes</subfield>
  </datafield>
  <datafield tag="650" ind1=" " ind2=" ">
    <subfield code="a">Guided reading</subfield>
    <subfield code="9">27962</subfield>
  </datafield>
  <datafield tag="650" ind1=" " ind2=" ">
    <subfield code="a">Reading (Primary)</subfield>
    <subfield code="9">27940</subfield>
  </datafield>
  <datafield tag="650" ind1=" " ind2=" ">
    <subfield code="2">Reading (Elementary)</subfield>
  </datafield>
  <datafield tag="650" ind1=" " ind2=" ">
    <subfield code="a">Reading (Middle school)</subfield>
    <subfield code="9">27863</subfield>
  </datafield>
  <datafield tag="942" ind1=" " ind2=" ">
    <subfield code="2">lcc</subfield>
    <subfield code="c">BK</subfield>
    <subfield code="n">0</subfield>
  </datafield>
  <datafield tag="952" ind1=" " ind2=" ">
    <subfield code="0">0</subfield>
    <subfield code="1">0</subfield>
    <subfield code="2">lcc</subfield>
    <subfield code="4">0</subfield>
    <subfield code="7">0</subfield>
    <subfield code="8">LGL</subfield>
    <subfield code="a">CHK</subfield>
    <subfield code="b">CHK</subfield>
    <subfield code="c">GEN</subfield>
    <subfield code="d">2026-06-10</subfield>
    <subfield code="e">Donation from Books for Africa </subfield>
    <subfield code="g">2532.27</subfield>
    <subfield code="l">0</subfield>
    <subfield code="o">LB 1050.377 .R53 2009</subfield>
    <subfield code="p">33887/2026</subfield>
    <subfield code="r">2026-06-10 15:54:13</subfield>
    <subfield code="t">1</subfield>
    <subfield code="w">2026-06-10</subfield>
    <subfield code="y">BK</subfield>
  </datafield>
  <datafield tag="952" ind1=" " ind2=" ">
    <subfield code="0">0</subfield>
    <subfield code="1">0</subfield>
    <subfield code="2">lcc</subfield>
    <subfield code="4">0</subfield>
    <subfield code="7">0</subfield>
    <subfield code="8">LGL</subfield>
    <subfield code="a">CHK</subfield>
    <subfield code="b">CHK</subfield>
    <subfield code="c">GEN</subfield>
    <subfield code="d">2026-06-10</subfield>
    <subfield code="e">Donation from Books for Africa </subfield>
    <subfield code="g">2532.27</subfield>
    <subfield code="l">0</subfield>
    <subfield code="o">LB 1050.377 .R53 2009</subfield>
    <subfield code="p">33893/2026</subfield>
    <subfield code="r">2026-06-10 15:54:13</subfield>
    <subfield code="t">5</subfield>
    <subfield code="w">2026-06-10</subfield>
    <subfield code="y">BK</subfield>
  </datafield>
  <datafield tag="952" ind1=" " ind2=" ">
    <subfield code="0">0</subfield>
    <subfield code="1">0</subfield>
    <subfield code="2">lcc</subfield>
    <subfield code="4">0</subfield>
    <subfield code="7">0</subfield>
    <subfield code="8">LGL</subfield>
    <subfield code="a">CHK</subfield>
    <subfield code="b">CHK</subfield>
    <subfield code="c">GEN</subfield>
    <subfield code="d">2026-06-10</subfield>
    <subfield code="e">Donation from Books for Africa </subfield>
    <subfield code="g">2532.27</subfield>
    <subfield code="l">0</subfield>
    <subfield code="o">LB 1050.377 .R53 2009</subfield>
    <subfield code="p">33894/2026</subfield>
    <subfield code="r">2026-06-10 15:54:13</subfield>
    <subfield code="t">4</subfield>
    <subfield code="w">2026-06-10</subfield>
    <subfield code="y">BK</subfield>
  </datafield>
  <datafield tag="952" ind1=" " ind2=" ">
    <subfield code="0">0</subfield>
    <subfield code="1">0</subfield>
    <subfield code="2">lcc</subfield>
    <subfield code="4">0</subfield>
    <subfield code="7">0</subfield>
    <subfield code="8">LGL</subfield>
    <subfield code="a">CHK</subfield>
    <subfield code="b">CHK</subfield>
    <subfield code="c">GEN</subfield>
    <subfield code="d">2026-06-10</subfield>
    <subfield code="e">Donation from Books for Africa </subfield>
    <subfield code="g">2532.27</subfield>
    <subfield code="l">0</subfield>
    <subfield code="o">LB 1050.377 .R53 2009</subfield>
    <subfield code="p">33892/2026</subfield>
    <subfield code="r">2026-06-10 15:54:13</subfield>
    <subfield code="t">10</subfield>
    <subfield code="w">2026-06-10</subfield>
    <subfield code="y">BK</subfield>
  </datafield>
  <datafield tag="952" ind1=" " ind2=" ">
    <subfield code="0">0</subfield>
    <subfield code="1">0</subfield>
    <subfield code="2">lcc</subfield>
    <subfield code="4">0</subfield>
    <subfield code="7">0</subfield>
    <subfield code="8">LGL</subfield>
    <subfield code="a">CHK</subfield>
    <subfield code="b">CHK</subfield>
    <subfield code="c">GEN</subfield>
    <subfield code="d">2026-06-10</subfield>
    <subfield code="e">Donation from Books for Africa </subfield>
    <subfield code="g">2532.27</subfield>
    <subfield code="l">0</subfield>
    <subfield code="o">LB 1050.377 .R53 2009</subfield>
    <subfield code="p">33891/2026</subfield>
    <subfield code="r">2026-06-10 15:54:13</subfield>
    <subfield code="t">3</subfield>
    <subfield code="w">2026-06-10</subfield>
    <subfield code="y">BK</subfield>
  </datafield>
  <datafield tag="952" ind1=" " ind2=" ">
    <subfield code="0">0</subfield>
    <subfield code="1">0</subfield>
    <subfield code="2">lcc</subfield>
    <subfield code="4">0</subfield>
    <subfield code="7">0</subfield>
    <subfield code="8">LGL</subfield>
    <subfield code="a">CHK</subfield>
    <subfield code="b">CHK</subfield>
    <subfield code="c">GEN</subfield>
    <subfield code="d">2026-06-10</subfield>
    <subfield code="e">Donation from Books for Africa </subfield>
    <subfield code="g">2532.27</subfield>
    <subfield code="l">0</subfield>
    <subfield code="o">LB 1050.377 .R53 2009</subfield>
    <subfield code="p">33890/2026</subfield>
    <subfield code="r">2026-06-10 15:54:13</subfield>
    <subfield code="t">2</subfield>
    <subfield code="w">2026-06-10</subfield>
    <subfield code="y">BK</subfield>
  </datafield>
  <datafield tag="952" ind1=" " ind2=" ">
    <subfield code="0">0</subfield>
    <subfield code="1">0</subfield>
    <subfield code="2">lcc</subfield>
    <subfield code="4">0</subfield>
    <subfield code="7">0</subfield>
    <subfield code="8">LGL</subfield>
    <subfield code="a">CHK</subfield>
    <subfield code="b">CHK</subfield>
    <subfield code="c">GEN</subfield>
    <subfield code="d">2026-06-10</subfield>
    <subfield code="e">Donation from Books for Africa </subfield>
    <subfield code="g">2532.27</subfield>
    <subfield code="l">0</subfield>
    <subfield code="o">LB 1050.377 .R53 2009</subfield>
    <subfield code="p">33889/2026</subfield>
    <subfield code="r">2026-06-10 15:54:13</subfield>
    <subfield code="t">6</subfield>
    <subfield code="w">2026-06-10</subfield>
    <subfield code="y">BK</subfield>
  </datafield>
  <datafield tag="952" ind1=" " ind2=" ">
    <subfield code="0">0</subfield>
    <subfield code="1">0</subfield>
    <subfield code="2">lcc</subfield>
    <subfield code="4">0</subfield>
    <subfield code="7">0</subfield>
    <subfield code="8">LGL</subfield>
    <subfield code="a">CHK</subfield>
    <subfield code="b">CHK</subfield>
    <subfield code="c">GEN</subfield>
    <subfield code="d">2026-06-10</subfield>
    <subfield code="e">Donation from Books for Africa </subfield>
    <subfield code="g">2532.27</subfield>
    <subfield code="l">0</subfield>
    <subfield code="o">LB 1050.377 .R53 2009</subfield>
    <subfield code="p">33901/2026</subfield>
    <subfield code="r">2026-06-10 15:54:13</subfield>
    <subfield code="t">8</subfield>
    <subfield code="w">2026-06-10</subfield>
    <subfield code="y">BK</subfield>
  </datafield>
  <datafield tag="952" ind1=" " ind2=" ">
    <subfield code="0">0</subfield>
    <subfield code="1">0</subfield>
    <subfield code="2">lcc</subfield>
    <subfield code="4">0</subfield>
    <subfield code="7">0</subfield>
    <subfield code="8">LGL</subfield>
    <subfield code="a">CHK</subfield>
    <subfield code="b">CHK</subfield>
    <subfield code="c">GEN</subfield>
    <subfield code="d">2026-06-10</subfield>
    <subfield code="e">Donation from Books for Africa </subfield>
    <subfield code="g">2532.27</subfield>
    <subfield code="l">0</subfield>
    <subfield code="o">LB 1050.377 .R53 2009</subfield>
    <subfield code="p">33902/2026</subfield>
    <subfield code="r">2026-06-10 15:54:13</subfield>
    <subfield code="t">9</subfield>
    <subfield code="w">2026-06-10</subfield>
    <subfield code="y">BK</subfield>
  </datafield>
  <datafield tag="952" ind1=" " ind2=" ">
    <subfield code="0">0</subfield>
    <subfield code="1">0</subfield>
    <subfield code="2">lcc</subfield>
    <subfield code="4">0</subfield>
    <subfield code="7">0</subfield>
    <subfield code="8">LGL</subfield>
    <subfield code="a">CHK</subfield>
    <subfield code="b">CHK</subfield>
    <subfield code="c">GEN</subfield>
    <subfield code="d">2026-06-10</subfield>
    <subfield code="e">Donation from Books for Africa </subfield>
    <subfield code="g">2532.27</subfield>
    <subfield code="l">0</subfield>
    <subfield code="o">LB 1050.377 .R53 2009</subfield>
    <subfield code="p">33888/2026</subfield>
    <subfield code="r">2026-06-10 15:54:13</subfield>
    <subfield code="t">7</subfield>
    <subfield code="w">2026-06-10</subfield>
    <subfield code="y">BK</subfield>
  </datafield>
  <datafield tag="999" ind1=" " ind2=" ">
    <subfield code="c">23925</subfield>
    <subfield code="d">23925</subfield>
  </datafield>
</record>
